000 01164cab a2200229 4500
001 ##L132255
008 060123n2006 000 0 eng u
035 _a(Sirsi) u132255
041 0 _aeng
100 1 _aPain, Andrew T
245 0 0 _aTaking account of the fourth dimension in boundary disputes
260 _c2006
490 0 _aGeomatics World
_v14(2) January/February 2006, 28-31(4)
520 _aExamines the fourth dimension of boundary disputes: the interface between the professional (be it lawyer or surveyor) and the layman, the owner or owners of the boundary in question. Outlines a range of boundary disputes issues from the different perspectives of professional and layman with supporting case law: the plan as part of a deed, the plan as part of experience, the plan and making sense of what it shows and the plan and the Land Registry.
590 _aIKA310106
650 2 4 _aLAND REGISTRATION ACT 2002 S 60
650 2 4 _aLAND REGISTRATION RULES 1925 RULE 278
650 2 4 _aLAND REGISTRATION ACT 2002
650 2 4 _aLAND REGISTRATION ACT 2002 S73
690 _aPROPERTY-PROPERTY MANAGEMENT-BOUNDARY DETERMINATION-BOUNDARIES
942 _n0
999 _c76377
_d76377